Culture Générale - Série 646 - Statistiques

Statistiques générales
  • Ce quiz a été pris 142 fois
  • Le résultat moyen est 8 sur 10
Statistiques - réponses
Question Réponse % Correct
L'encéphalopathie spongiforme bovine est communément appelée la maladie de la vache... folle
100%
Sur un panneau de signalisation en bord de route, que signifie l'abréviation "R.N." suivie d'un numéro ? Route nationale
98%
Traditionnellement, hormis les câpres, quels fruits sont indispensables pour faire une tapenade ? olives
91%
Dans quel pays européen se trouve l'État fédéral du Tyrol ? Autriche
87%
Quel général français, Joséphine de Beauharnais a-t-elle épousé en 1796 ? Napoléon Bonaparte
84%
Quel auteur britannique a écrit les pièces "Macbeth" et "Antoine et Cléopâtre" ? William Shakespeare
84%
De quel pays Tbilissi est-elle la capitale ? Géorgie
80%
Quel fleuve de France, de Belgique et des Pays-Bas était appelé "Mosa" par les Romains ? Meuse
71%
À la gloire de quelle déesse grecque a-t-on édifié le temple d'Éphèse, l'une des Sept Merveilles du monde ? Artémis
43%
Quel est le vrai nom de l'ancien pape Benoît XVI ? Joseph Ratzinger
28%
Aucun quiz correspondant
Distribution des résultats
% des personnes avec chaque résultat
Percentile par nombre de réponses
Votre historique - résultats
Vous n’avez pas pris ce quiz